000 00680nam a2200253 i 4500
001 C2-0322307
003 PPAK
005 20180728121250.0
008 130512s2005 mau |||| ||||| | eng d
020 _a9781569243763
040 _aPPAK
_beng
_cPPAK
_erda
082 0 4 _a641.563847
_223
090 0 0 _a641.563847
_bJON
_dRLCK
100 1 _aJones, Catherine,
_eauthor
245 1 0 _aEating for lower cholesterol
264 1 _aCambridge :
_bDa Capo Press ,
_c2005
300 _axx, 300 pages ;
_c23 cm
336 _2rdacontent
_atext
337 _2rdamedia
_aunmediated
338 _2rdacarrier
_avolume
650 1 0 _aLower cholesterol
700 _eauthor
942 _ddc
_cB
999 _c122652
_d122652